| 000 | 00484 a2200157 4500 | ||
|---|---|---|---|
| 001 | 54868 | ||
| 082 | _a629.13238 HIL | ||
| 090 |
_c34008 _d34008 |
||
| 100 | _aPeterson, Carl R. ; Philip G Hill | ||
| 245 |
_aMechanics and thermodynamics of propulsion 2nd ed _cCarl R. Peterson, |
||
| 250 | _a2 | ||
| 260 |
_aNew york _bWeslay publication _c1992 |
||
| 300 |
_axii, 765 p. _bphotocopy [13849 - 13858 origional ] |
||
| 500 | _aBE textbook Aerospace | ||
| 600 | _aHill, Phillip G. | ||
| 942 |
_aNUST-CAE _k629.13238 HIL |
||
| 999 |
_c289941 _d289941 |
||